Loading...
| History - American History | 0 | 5 | 0 | 0 | 50 | 85 | 105.80 | 2 | 4 |
| Philosophy | 1 | 3 | 0 | 0 | 45 | 54 | 115.00 | 1 | 3 |
| Fine Arts - Visual Fine Arts | 0 | 4 | 0 | 1 | 40 | 75 | 120.00 | 1 | 3 |
| Literature - American Literature | 1 | 2 | 1 | 0 | 30 | 83 | 110.67 | 2 | 2 |
| Religion | 0 | 3 | 0 | 1 | 30 | 103 | 123.00 | 0 | 1 |
| Other Academic | 1 | 1 | 0 | 0 | 25 | 64 | 76.00 | 0 | 2 |
| History - Ancient History | 0 | 3 | 1 | 0 | 25 | 85 | 103.00 | 0 | 3 |
| History - European History | 0 | 2 | 1 | 0 | 15 | 76 | 80.00 | 1 | 2 |
| Social Science | 0 | 1 | 0 | 0 | 10 | 108 | 108.00 | 0 | 0 |
| History - World History | 1 | 0 | 1 | 0 | 10 | 62 | 62.00 | 0 | 1 |
| Literature - British Literature | 0 | 2 | 2 | 0 | 10 | 121 | 127.00 | 0 | 2 |
| Current Events | 0 | 1 | 0 | 0 | 10 | 102 | 102.00 | 0 | 0 |
| Literature - European Literature | 0 | 1 | 1 | 0 | 5 | 145 | 145.00 | 0 | 1 |
| Literature - World Literature | 0 | 1 | 1 | 0 | 5 | 112 | 112.00 | 0 | 0 |
| Fine Arts - Auditory Fine Arts | 0 | 0 | 0 | 0 | 0 | 0.00 | 0 | 0 | |
| Science - Biology | 0 | 0 | 1 | 0 | -5 | 0.00 | 0 | 0 | |
| Science - Other Science | 0 | 0 | 1 | 0 | -5 | 0.00 | 0 | 0 |